السكينة في أحكام الأسرة ووسائلها : (رقم التسجيلة. 146641)
[ عرض عادي ]
| 000 -الفاتح | |
|---|---|
| عناصر البيانات ثابتة الطول | 00740cam a2200193 i 4500 |
| 005 - تاريخ ووقت آخر معاملة | |
| حقل ضبط | 20251214093155.0 |
| 008 - عناصر البيانات ثابتة الطول | |
| عناصر البيانات ثابتة الطول | 250721s2021 jo gr 000 0 ara d |
| 020 ## - الترقيم الدولي المعياري للكتب (ردمك) | |
| الترقيم الدولي المعياري للكتب (ردمك) | 9789957338015 |
| 082 14 - رقم تصنيف ديوي العشري | |
| رقم التصنيف | 216.53 |
| رقم المادة | ح ل و |
| 100 1# - مدخل رئيسي – اسم شخصي | |
| الاسم الشخصي | الحلو، غادة فايز |
| علاقة الشخص بالعمل/ دوره | معد. |
| 245 12 - بيان العنوان | |
| العنوان | السكينة في أحكام الأسرة ووسائلها : |
| بقية العنوان | دراسة فقهية مقاصدية / |
| بيان المسؤولية | إعداد غادة فايز الحلو. |
| 264 31 - بيانات النشر، التوزيع…إلخ | |
| مكان النشر، التوزيع...إلخ | عمان : |
| اسم الناشر، الموزع...إلخ | الوراق للنشر و التوزيع، |
| تاريخ النشر، التوزيع...إلخ | 2021. |
| 300 ## - الوصف المادي | |
| عدد الوحدات المكونة للوعاء | 375 صفحة. |
| 650 17 - مدخل إضافي بالموضوع - مصطلح موضوعي | |
| مصطلح موضوعي أو اسم جغرافي كعنصر مدخل | الفقه الاسلامي. |
| 650 17 - مدخل إضافي بالموضوع - مصطلح موضوعي | |
| مصطلح موضوعي أو اسم جغرافي كعنصر مدخل | الحقوق الاسرية. |
| 650 17 - مدخل إضافي بالموضوع - مصطلح موضوعي | |
| مصطلح موضوعي أو اسم جغرافي كعنصر مدخل | العلاقات داخل الاسرة. |
| 942 ## - بيانات إضافية (كوها) | |
| نوع التنصيف | Dewey Decimal Classification |
| نوع المادة (كوها) | كتب |
| حالة السحب | حالة الفقدان | مصدر التصنيف | حالة التلف | غير قابل للإعارة | المكتبة الرئيسية | المكتبة الحالية | موقع الرف | تاريخ التزويد | الرقم المتسلسل | Total Checkouts | رقم الإستدعاء | الباركود | تاريخ آخر ظهور | تاريخ الفاتورة | نوع المادة (كوها) |
|---|---|---|---|---|---|---|---|---|---|---|---|---|---|---|---|
| Dewey Decimal Classification | المكتبة المركزية | المكتبة المركزية | الإعارة | 28/07/2025 | 1788726 | 216.53 / ح ل و | PLD00511764 | 28/07/2025 | 28/07/2025 | كتب | |||||
| Dewey Decimal Classification | مكتبة أبو علندا العامة | مكتبة أبو علندا العامة | الإعارة | 30/09/2024 | 1788733 | 216.53/حلو | PLD00512065 | 28/07/2025 | 30/09/2024 | كتب | |||||
| Dewey Decimal Classification | مكتبة أم قصير والمقابلين العامة | مكتبة أم قصير والمقابلين العامة | الإعارة | 30/09/2024 | 1788730 | 216.53/حلو | PLD00512062 | 28/07/2025 | 30/09/2024 | كتب | |||||
| Dewey Decimal Classification | مكتبة الأميرة ايمان العامة | مكتبة الأميرة ايمان العامة | الإعارة | 30/09/2024 | 1788727 | 216.53/حلو | PLD00512059 | 28/07/2025 | 30/09/2024 | كتب | |||||
| Dewey Decimal Classification | مكتبة الاميرة بديعة | مكتبة الاميرة بديعة | الإعارة | 30/09/2024 | 1788731 | 216.53/حلو | PLD00512063 | 28/07/2025 | 30/09/2024 | كتب | |||||
| Dewey Decimal Classification | مكتبة الجويدة | مكتبة الجويدة | الإعارة | 30/09/2024 | 1788734 | 216.53/حلو | PLD00512066 | 28/07/2025 | 30/09/2024 | كتب | |||||
| Dewey Decimal Classification | مكتبة الحسن العامة | مكتبة الحسن العامة | الإعارة | 30/09/2024 | 1788732 | 216.53/حلو | PLD00512064 | 28/07/2025 | 30/09/2024 | كتب | |||||
| Dewey Decimal Classification | مكتبة حمزة العامة | مكتبة حمزة العامة | الإعارة | 30/09/2024 | 1788735 | 216.53/حلو | PLD00512067 | 28/07/2025 | 30/09/2024 | كتب | |||||
| Dewey Decimal Classification | مكتبة صويلح العامة | مكتبة صويلح العامة | الإعارة | 30/09/2024 | 1788729 | 216.53/حلو | PLD00512061 | 28/07/2025 | 30/09/2024 | كتب | |||||
| Dewey Decimal Classification | مكتبة وادي السير العامة | مكتبة وادي السير العامة | الإعارة | 30/09/2024 | 1788728 | 216.53/حلو | PLD00512060 | 28/07/2025 | 30/09/2024 | كتب |